LEADER 02657nam 2200649 450 001 9910460267203321 005 20200520144314.0 010 $a1-4426-5678-6 010 $a1-4426-3347-6 024 7 $a10.3138/9781442656789 035 $a(CKB)3710000000433157 035 $a(EBL)3432101 035 $a(OCoLC)929153023 035 $a(SSID)ssj0001636726 035 $a(PQKBManifestationID)16394373 035 $a(PQKBTitleCode)TC0001636726 035 $a(PQKBWorkID)14955532 035 $a(PQKB)11265423 035 $a(MiAaPQ)EBC4669444 035 $a(DE-B1597)465748 035 $a(OCoLC)944178683 035 $a(DE-B1597)9781442656789 035 $a(Au-PeEL)EBL4669444 035 $a(CaPaEBR)ebr11255977 035 $a(OCoLC)958562201 035 $a(EXLCZ)993710000000433157 100 $a20160920h19731973 uy 1 101 0 $aeng 135 $aur|n|---||||| 181 $ctxt 182 $cc 183 $acr 200 10$a"Dot it down" : $ea story of life in the North-West /$fAlexander Begg 210 1$aToronto, [Ontario] ;$aBuffalo, [New York] :$cUniversity of Toronto Press,$d1973. 210 4$d©1973 215 $a1 online resource (387 p.) 225 1 $aToronto Reprint Library of Canadian Prose and Poetry 300 $aDescription based upon print version of record. 311 $a1-4426-5179-2 327 $tFrontmatter -- $tDedication -- $tCONTENTS -- $tCHAPTER I. -- $tCHAPTER II. -- $tCHAPTER III. -- $tCHAPTER IV. -- $tCHAPTER V. -- $tCHAPTER VI. -- $tCHAPTER VII. -- $tCHAPTER VIII. -- $tCHAPTER IX. -- $tCHAPTER X. -- $tCHAPTER XI. -- $tCHAPTER XII. -- $tCHAPTER XIII. -- $tCHAPTER XIV. -- $tCHAPTER XV. -- $tCHAPTER XVI. -- $tCHAPTER XVII. -- $tCHAPTER XVIII. -- $tCHAPTER XIX. -- $tCHAPTER XX. -- $tCHAPTER XXI. -- $tCHAPTER XXII. -- $tCHAPTER XXIII. -- $tCHAPTER XXIV. -- $tCHAPTER XXV. -- $tCHAPTER XXVI. -- $tCHAPTER XXVII. -- $tCHAPTER XXVIII. -- $tCHAPTER XXIX. -- $tEMIGRANT'S GUIDE TO MANITOBA -- $tBackmatter 330 $aA story of life in the North-west. 410 0$aToronto reprint library of Canadian prose and poetry. 606 $aLITERARY CRITICISM / General$2bisacsh 607 $aManitoba$vFiction 607 $aManitoba$xEmigration and immigration$vFiction 608 $aElectronic books. 615 7$aLITERARY CRITICISM / General. 676 $a813.54 700 $aBegg$b Alexander$0813220 702 $aLochhead$b Douglas, $4edt$4http://id.loc.gov/vocabulary/relators/edt 801 0$bMiAaPQ 801 1$bMiAaPQ 801 2$bMiAaPQ 906 $aBOOK 912 $a9910460267203321 996 $a"Dot it down"$92478219 997 $aUNINA LEADER 00900nam a2200253 i 4500 001 991000918569707536 005 20020507103217.0 008 951206s1967 it ||| | ita 035 $ab10148085-39ule_inst 035 $aLE00639119$9ExL 040 $aDip.to Fisica$bita 084 $a510(022) 084 $a510.60 100 1 $aAvondo Bodino, Giuseppe$0103604 245 10$aElementi di calcolo delle probabilità /$cGiuseppe Avondo-Bodino 260 $aBologna :$bZanichelli,$c1967 300 $axi, 138 p. :$bill. ;$c24 cm. 650 4$aCalcolo delle probabilità 907 $a.b10148085$b02-04-14$c27-06-02 912 $a991000918569707536 945 $aLE006 510.60 AVO$g1$i2006000022620$lle006$o-$pE0.00$q-$rl$s- $t0$u4$v0$w4$x0$y.i10176366$z27-06-02 996 $aElementi di calcolo delle probabilità$9186407 997 $aUNISALENTO 998 $ale006$b01-01-95$cm$da $e-$fita$git $h0$i1